000 00786nam a2200265 i 4500
003 DO-SdBNP
005 20250523141435.0
007 ta
008 250523b2023 dr a|||| |||| 00| 0 spa d
020 _a9789945649086
040 _aDO-SdBNP
_bspa
_cBNPHU
_erda
041 _aspa
082 4 _axxx
_bxxx
_222
100 _aVásquez Díaz , Alberto,
_eautor
_4aut.
_977806
245 1 0 _aPlenitud :
_bpoemas de amor, fe y esperanza /
_cAlberto Vásquez Díaz
250 _aPrimera edición
264 1 _aSanto Domingo :
_bPrintbarato,
_c2023.
300 _a134 páginas ;
_c21 cm.
336 _atexto
_btxt
_2rdacontent
337 _asin mediación
_bn
_2rdamedia
338 _avolumen
_bnc
_2rdacarrier
590 _aInventariado, 2025/BT
910 _aBtavárez
942 _2ddc
_cLBS1
999 _c58907
_d58907